The last Mandarin / Louise Penny and Mellissa Fung.
Alice Li, a first-generation Chinese-American, is an erstwhile food blogger who has lived in the shadow of her mother, Vivien Li. A Chinese dissident who escaped China after Tiananmen Square, Vivien is now a globally recognized human rights activist and passionate advocate for a free and democratic China. When security and fire alarms go off simultaneously all around the world, setting off a panic, the signal is traced back to China. As world leaders scramble to respond, Vivien and Alice are called to the White House in hopes Madame Li can decode the Chinese intentions.
Record details
- ISBN: 9781420536232
- ISBN: 1420536230
- Physical Description: 633 pages (large print) ; 23 cm.
- Edition: Large print edition.
- Publisher: [Waterville, Maine] : Thorndike Press, a part of Gale, a Cengage Company, 2026.
Content descriptions
| General Note: | "A novel." -- Cover. |
| Language Note: | Some text in Chinese. |
Search for related items by subject
| Genre: | Thrillers (Fiction) Political fiction. Spy fiction. Novels. Large print books. |
Search for related items by series
| LDR | 05749cam a2201045 i 4500 | ||
|---|---|---|---|
| 001 | 167643 | ||
| 003 | SBPL | ||
| 005 | 20260622125621.0 | ||
| 008 | 260121t20262026meu ed 000 1 eng d | ||
| 007 | tb | ||
| 020 | . | ‡a9781420536232 ‡q(large print ; ‡qhardcover ; ‡qalk. paper) | |
| 020 | . | ‡a1420536230 ‡q(large print ; ‡qhardcover ; ‡qalk. paper) | |
| 035 | . | ‡a(OCoLC)1569752507 | |
| 050 | 0 | 4. | ‡aPR9199.4.P464 ‡bL37 2026b |
| 082 | 0 | 4. | ‡a813/.6 ‡223/eng/20260227 |
| 100 | 1 | . | ‡aPenny, Louise,: ‡eauthor. |
| 245 | 1 | 4. | ‡aThe last Mandarin / ‡cLouise Penny and Mellissa Fung. |
| 250 | . | ‡aLarge print edition. | |
| 264 | 1. | ‡a[Waterville, Maine] : ‡bThorndike Press, a part of Gale, a Cengage Company, ‡c2026. | |
| 300 | . | ‡a633 pages (large print) ; ‡c23 cm. | |
| 336 | . | ‡atext ‡btxt ‡2rdacontent | |
| 337 | . | ‡aunmediated ‡bn ‡2rdamedia | |
| 338 | . | ‡avolume ‡bnc ‡2rdacarrier | |
| 340 | . | ‡nlarge print ‡2rdafs | |
| 340 | . | ‡n16 point | |
| 341 | 0 | . | ‡atextual ‡blargePrint ‡2sapdv |
| 490 | 1 | . | ‡aThorndike Press large print high octane |
| 500 | . | ‡a"A novel." -- Cover. | |
| 546 | . | ‡aSome text in Chinese. | |
| 520 | . | ‡aAlice Li, a first-generation Chinese-American, is an erstwhile food blogger who has lived in the shadow of her mother, Vivien Li. A Chinese dissident who escaped China after Tiananmen Square, Vivien is now a globally recognized human rights activist and passionate advocate for a free and democratic China. When security and fire alarms go off simultaneously all around the world, setting off a panic, the signal is traced back to China. As world leaders scramble to respond, Vivien and Alice are called to the White House in hopes Madame Li can decode the Chinese intentions. | |
| Whi | e | . | ‡ait makes some sense that the President would turn to Vivien, since she regularly advises world leaders on the actions of today’s Chinese government, what isn’t clear is why they’d want to talk to Alice. After looking at the evidence, Vivien says that the only thing worse than the Chinese government being behind it, is if they are not. It would mean, she explains, that some clandestine element within China is calling the shots. That the President of China has lost control. And an unstable China cannot be good for anyone. Or perhaps that’s exactly what the shrewd old politician wants everyone to think. Caught up in the chaos, Vivien and Alice are uniquely placed to stop the next, cataclysmic attack. But there are forces deep within both the American and Chinese governments intent on stopping mother and daughter. The estranged pair, who excels at misunderstanding each other, must figure out how to work together. The increasingly frantic search for answers takes the women from the Oval Office to an office building in Akron, Ohio, from the noodle shops of Hong Kong to the necropolis of the first emperor. Along the way they must decode an old legend, and an old language invented by women, for women. |
| 650 | 0. | ‡aWorld politics ‡vFiction. | |
| 650 | 0. | ‡aTerrorism ‡vFiction. | |
| 650 | 0. | ‡aConspiracies ‡vFiction. | |
| 650 | 0. | ‡aPolitical activists ‡vFiction. | |
| 650 | 0. | ‡aSpies ‡vFiction. | |
| 650 | 0. | ‡aMothers and daughters ‡vFiction. | |
| 650 | 0. | ‡aChinese Americans ‡vFiction. | |
| 650 | 0. | ‡aPolitics and culture ‡zChina ‡vFiction. | |
| 651 | 0. | ‡aChina ‡xPolitics and government ‡vFiction. | |
| 651 | 0. | ‡aChina ‡xHistory ‡yTiananmen Square Incident, 1989 ‡vFiction. | |
| 651 | 0. | ‡aUnited States ‡xPolitics and government ‡vFiction. | |
| 651 | 0. | ‡aUnited States ‡xForeign relations ‡zChina ‡vFiction. | |
| 651 | 0. | ‡aWashington (D.C.) ‡vFiction. | |
| 651 | 0. | ‡aBeijing (China) ‡vFiction. | |
| 651 | 0. | ‡aHong Kong ‡vFiction. | |
| 650 | 0. | ‡aWorld politics. | |
| 650 | 0. | ‡aMothers and daughters. | |
| 650 | 0. | ‡aChinese Americans. | |
| 651 | 0. | ‡aChina ‡xPolitics and government. | |
| 650 | 0. | ‡aLarge type books. | |
| 655 | 7. | ‡aThrillers (Fiction) ‡2lcgft | |
| 655 | 7. | ‡aPolitical fiction. ‡2lcgft | |
| 655 | 7. | ‡aSpy fiction. ‡2lcgft | |
| 655 | 7. | ‡aNovels. ‡2lcgft | |
| 655 | 7. | ‡aLarge print books. ‡2lcgft | |
| 700 | 1 | . | ‡aFung, Mellissa, ‡d1972-: ‡eauthor. |
| 901 | . | ‡a167643 ‡bAUTOGEN ‡c167643 ‡tbiblio | |